| 000 | 01023cab a2200193 4500 | ||
|---|---|---|---|
| 001 | ##L136529 | ||
| 008 | 070206n2007 000 0 eng u | ||
| 035 | _a(Sirsi) u136529 | ||
| 041 | 0 | _aeng | |
| 100 | 1 | _aMcCaughey, Gerry | |
| 245 | 0 | 0 | _aOpportunity knocks |
| 260 | _c2007 | ||
| 490 | 0 |
_aBuilding Engineer _v82(2) February 2007, 14-15(2) |
|
| 520 | _aExamines the use and advantages of timber frame systems. Timber frame's design flexibility, good thermal and acoustic insulation, and sustainability credentials make it an ideal material for modern housebuilding, as shown in the Design for Manufacture competition. Innovation in timber frame technology has also led to its use in the construction of multi-storey apartment buildings. Expands on timber frame's suitability for multi-storey buildings and looks at how timber frame can minimise build times and deliver added value performance. | ||
| 590 | _aKA | ||
| 651 | 4 |
_aUnited Kingdom _y |
|
| 690 | _aBUILT ENVIRONMENT-BUILDING MATERIALS-TIMBER | ||
| 942 | _n0 | ||
| 999 |
_c78331 _d78331 |
||